Efektívny marketing praktické rady
Gespeichert in:
| Format: | Schriftenreihe |
|---|---|
| Sprache: | Slowakisch |
| Veröffentlicht: |
Bratislava
UNIAPRESS INTERNATIONAL
|
| Schlagworte: | |
| Tags: |
Keine Tags, Fügen Sie das erste Tag hinzu!
|
MARC
| LEADER | 00000nas1a2200000 4500 | ||
|---|---|---|---|
| 001 | s122893 | ||
| 005 | 20230502130325.2 | ||
| 041 | 0 | |a slo | |
| 044 | |a SK | ||
| 245 | 1 | 0 | |a Efektívny marketing |b praktické rady |
| 264 | 1 | |a Bratislava |b UNIAPRESS INTERNATIONAL | |
| 500 | |a Do 31.12.2000 vychádzal pod názvom: Marketing - praktické rady | ||
| 610 | 2 | 0 | |a marketing |
| 610 | 2 | 0 | |a poradenstvo |